000 00236nam a2200097Ia 4500
082 _aEJF NIMM
245 0 _aMatty Mouse
100 _a NIMMO,Jenny London, 2003
_993037
942 _cBK
008 210817s9999 xx 000 0 und d
999 _c379908
_d379907